[Event "New England Open 60th"]
[Site "?"]
[Date "2000.??.??"]
[Round "3"]
[White "Paschall William M"]
[Black "Ivanov Alexander"]
[Result "1/2-1/2"]
[WhiteElo "2377"]
[BlackElo "2650"]
[PlyCount "62"]
[EventDate "2000.??.??"]
[Source "www.chesslib.no"]
[SourceDate "2004.05.04"]

1. d4 b6 2. e4 Bb7 3. Nc3 e6 4. Nf3 Bb4 5. Bd3 Nf6 6. Qe2 d5 7. exd5 Nxd5 8. Bd2 Nxc3 9. bxc3 Be7 10. h4 Nd7 11. Kf1 c5 12. Rh3 Qc7 13. Ng5 Nf6 14. Re1 Rd8 15. Rg3 Rd7 16. Nxf7 Kxf7 17. Qxe6+ Kf8 18. Bc4 Bd5 19. Bxd5 Rxd5 20. Rge3 Bd8 21. g4 Qd7 22. Rf3 Qxe6 23. Rxe6 cxd4 24. g5 Kf7 25. Rc6 Re8 26. gxf6 Bxf6 27. cxd4 Rxd4 28. Bg5 Re6 29. Rc7+ Re7 30. Rc6 Re6 31. Rc7+ Re7 1/2-1/2

[Event "zt3.3, HeiBei CHN"]
[Site "?"]
[Date "2001.??.??"]
[Round "8"]
[White "Wang Rui"]
[Black "Yu Shaoteng"]
[Result "1/2-1/2"]
[WhiteElo "2525"]
[BlackElo "2500"]
[PlyCount "75"]
[EventDate "2001.??.??"]
[Source "www.chesslib.no"]
[SourceDate "2004.05.04"]

1. d4 b6 2. e4 Bb7 3. Nc3 e6 4. Bd3 g6 5. Nf3 Bg7 6. Bg5 Ne7 7. Qd2 h6 8. Bf4 d6 9. O-O-O Nd7 10. h4 a6 11. Rhe1 Nc6 12. d5 Nce5 13. Nxe5 dxe5 14. dxe6 fxe6 15. Be3 Qe7 16. Kb1 Nf6 17. f3 Nh5 18. g4 Nf4 19. Bxf4 exf4 20. e5 O-O-O 21. Qe2 Qxh4 22. Bxa6 Rxd1+ 23. Rxd1 Rd8 24. Bxb7+ Kxb7 25. Qe4+ Kc8 26. Rxd8+ Qxd8 27. Qxf4 Qh4 28. a4 Qe1+ 29. Ka2 Qxe5 30. Qf7 Qf6 31. Qe8+ Kb7 32. a5 Qxf3 33. a6+ Kxa6 34. Qc8+ Qb7 35. Qxe6 Bxc3 36. bxc3 h5 37. gxh5 gxh5 38. Qe2+ 1/2-1/2

[Event "Bad Zwesten op 6th"]
[Site "Bad Zwesten"]
[Date "2002.01.06"]
[Round "4"]
[White "Bauer, Christian"]
[Black "Ivanov, Mikhail M"]
[Result "1/2-1/2"]
[WhiteElo "2578"]
[BlackElo "2446"]
[PlyCount "82"]
[EventDate "2002.01.04"]
[Source "ChessBase"]
[SourceDate "2002.03.14"]

1. e4 c5 2. Nf3 e6 3. c3 b6 4. d4 Bb7 5. Bd3 Nf6 6. Nbd2 d5 7. e5 Nfd7 8. Nf1 Nc6 9. Ng3 cxd4 10. cxd4 Nb4 11. Bb1 Ba6 12. a3 Nc6 13. Bd3 Qc8 14. O-O Bxd3 15. Qxd3 a5 16. Bd2 Qa6 17. Qxa6 Rxa6 18. b4 axb4 19. axb4 Rxa1 20. Rxa1 b5 21. Ra6 Ndb8 22. Rb6 Kd8 23. Nh5 Kc7 24. Rxb5 h6 25. h4 Na6 26. Rxd5 exd5 27. b5 Nab8 28. bxc6 Kxc6 29. e6 f6 30. e7 Bxe7 31. Nxg7 h5 32. g3 Nd7 33. Nf5 Bd6 34. Ne1 Nb6 35. Nd3 Nc4 36. Bf4 Rh7 37. Kg2 Ba3 38. Kg1 Bd6 39. Nxd6 Nxd6 40. Nb4+ Kd7 41. Nxd5 Ne8 1/2-1/2

[Event "Pavlograd"]
[Site "Pavlograd"]
[Date "2000.??.??"]
[Round "1"]
[White "Borovikov, Vladislav"]
[Black "Kozakov, Mikhail"]
[Result "0-1"]
[WhiteElo "2529"]
[BlackElo "2489"]
[PlyCount "88"]
[EventDate "2000.09.11"]
[Source "ChessBase"]
[SourceDate "2000.11.10"]

1. d4 d6 2. Nf3 Bg4 3. e4 Nf6 4. Nc3 Nc6 5. d5 Nb8 6. Be2 Nbd7 7. Nd4 Bxe2 8. Qxe2 g6 9. f4 Nb6 10. a4 a5 11. O-O Bg7 12. Be3 O-O 13. Rad1 Nfd7 14. b3 Qc8 15. Qf3 c6 16. Nce2 cxd5 17. exd5 Nf6 18. c4 Qg4 19. Qf2 Qc8 20. h3 Nbd7 21. Ng3 Nc5 22. Qc2 Nfd7 23. Rfe1 f5 24. Bf2 Re8 25. Nb5 Nf6 26. Bxc5 Qxc5+ 27. Kh1 Rac8 28. Re2 Bh6 29. Nd4 Qb4 30. Ne6 b5 31. axb5 a4 32. bxa4 Rxc4 33. Qd3 Qxa4 34. Rb1 Rb4 35. Rxb4 Qxb4 36. Nc7 Rc8 37. Rxe7 Bxf4 38. Qe2 Ne4 39. Nf1 Qb1 40. Kg1 Be5 41. g4 Ng3 42. Qf3 Nxf1 43. Qxf1 Bd4+ 44. Kg2 Qc2+ 0-1

[Event "Heart of Finland op"]
[Site "?"]
[Date "2002.??.??"]
[Round "5"]
[White "Yrjola Jouni"]
[Black "Kengis Edvins"]
[Result "1/2-1/2"]
[WhiteElo "2422"]
[BlackElo "2594"]
[PlyCount "51"]
[EventDate "2002.??.??"]
[Source "www.chesslib.no"]
[SourceDate "2004.05.04"]

1. d4 b6 2. e4 Bb7 3. Bd3 Nf6 4. Qe2 e6 5. Nf3 d5 6. e5 Nfd7 7. Nbd2 c5 8. dxc5 Nxc5 9. Nb3 Nbd7 10. Nxc5 bxc5 11. c4 Be7 12. O-O O-O 13. cxd5 Bxd5 14. Bf4 Rb8 15. b3 Rb4 16. Bd2 Rb7 17. Bc3 Nb6 18. Nd2 Rc7 19. Rad1 Qa8 20. Qg4 Rd8 21. Ne4 Bxe4 22. Bxe4 Qc8 23. Rxd8+ Qxd8 24. Rd1 Rd7 25. Rxd7 Qxd7 26. Qe2 1/2-1/2

[Event "Dresden Open"]
[Site "Dresden GER"]
[Date "1994.??.??"]
[Round "?"]
[White "Kovalev, Andrei"]
[Black "Chernyshov, Konstantin"]
[Result "0-1"]
[WhiteElo "2530"]
[BlackElo "2480"]
[PlyCount "100"]
[EventDate "1994.07.??"]
[Source "www.chesslib.no"]
[SourceDate "2004.05.04"]

1. e4 e6 2. d4 b6 3. Nf3 Bb7 4. Nc3 Bb4 5. Bd3 Nf6 6. e5 Ne4 7. O-O Nxc3 8. bxc3 Be7 9. Ne1 d6 10. Qg4 g5 11. f4 h5 12. Qe2 Nc6 13. fxg5 Bxg5 14. Qf3 Rf8 15. Bb5 d5 16. Qxh5 Bxc1 17. Rxc1 Qe7 18. Nf3 O-O-O 19. Ng5 Rh8 20. Qg4 Rdg8 21. Bxc6 Bxc6 22. Rf6 Qa3 23. Qf4 Rh4 24. Qd2 Rg4 25. h4 Rxh4 26. Nxf7 Rg3 27. Rcf1 Bb5 28. R1f4 Rh7 29. Rf3 Rxf3 30. Rxf3 Qxa2 31. Qc1 a5 32. Ng5 Re7 33. Rf6 a4 34. Rxe6 Rg7 35. Qf4 Kb7 36. Qf6 Rxg5 37. Qxg5 a3 38. Qd8 Qc4 39. Re7 Qxc3 40. Qxd5+ Bc6 41. Qd6 Be4 42. Rxc7+ Qxc7 43. Qxa3 Qxc2 44. Qg3 Qd1+ 45. Kh2 Qxd4 46. e6 Kc6 47. e7 Kd7 48. Qf4 Kxe7 49. Qc7+ Ke6 50. Qc8+ Kd5 0-1

[Event "Daugavpils"]
[Site "?"]
[Date "1989.??.??"]
[Round "?"]
[White "Dautov, R."]
[Black "Kengis, E."]
[Result "1-0"]
[WhiteElo "2535"]
[BlackElo "2475"]
[PlyCount "115"]
[EventDate "1989.??.??"]
[Source "ChessBase"]
[SourceDate "1989.07.01"]

1. Nf3 b6 2. e4 Bb7 3. Nc3 e6 4. d4 Bb4 5. Bd3 Nf6 6. Bg5 h6 7. Bxf6 Qxf6 8. O-O Bxc3 9. bxc3 d6 10. Nd2 e5 11. f4 exd4 12. e5 dxe5 13. fxe5 Qg5 14. Nf3 Qe3+ 15. Kh1 O-O 16. cxd4 c5 17. Re1 Bxf3 18. gxf3 Qxd4 19. Be4 Na6 20. Qxd4 cxd4 21. Bxa8 Rxa8 22. Rad1 Rc8 23. Rxd4 Nc5 24. f4 Ne6 25. Ra4 g6 26. Re2 Rc7 27. Rd2 Kf8 28. Kg2 a5 29. Re4 Rc3 30. Kf2 Nc5 31. Red4 Ne6 32. Rd6 b5 33. R6d5 Nc5 34. Ke2 Ke7 35. Kd1 b4 36. R2d4 Ne6 37. Rd7+ Kf8 38. R4d6 Rf3 39. Ra7 Rxf4 40. Rxa5 Rf1+ 41. Ke2 Rh1 42. Ra8+ Kg7 43. Ra7 Rxh2+ 44. Kf1 Kg8 45. Ra8+ Kg7 46. Ra7 Kg8 47. Rdd7 Rxc2 48. Re7 Ng5 49. e6 Kg7 50. exf7 Rc4 51. Re2 Rf4+ 52. Rf2 Rxf2+ 53. Kxf2 h5 54. Rb7 Ne4+ 55. Kf3 Nc3 56. Kf4 h4 57. Ke5 h3 58. Ke6 1-0

[Event "CRO-Cup"]
[Site "Pula CRO"]
[Date "1995.??.??"]
[Round "1"]
[White "Lalic, Bogdan"]
[Black "Mestrovic, Zvonimir"]
[Result "1/2-1/2"]
[WhiteElo "2590"]
[BlackElo "2415"]
[PlyCount "93"]
[EventDate "1995.??.??"]
[Source "www.chesslib.no"]
[SourceDate "2004.05.04"]

1. Nf3 Nc6 2. e4 d6 3. Nc3 Bg4 4. Bb5 a6 5. Bxc6+ bxc6 6. d4 Nf6 7. h3 Bh5 8. Qd3 e6 9. Bg5 Be7 10. O-O-O O-O 11. Bxf6 Bxf6 12. g4 Bg6 13. h4 d5 14. g5 dxe4 15. Nxe4 Qd5 16. Nxf6+ gxf6 17. Qb3 fxg5 18. Nxg5 Rab8 19. Qxd5 cxd5 20. Rdg1 Kh8 21. Rg3 Bf5 22. Rhg1 f6 23. Nf3 Rg8 24. Nd2 Rg6 25. Nb3 Rh6 26. Nc5 Rxh4 27. Nd7 Rd8 28. Nxf6 Bg6 29. Ng4 Rf8 30. Ne5 Be8 31. c3 Rh2 32. f3 a5 33. a4 Rh5 34. Kd2 c5 35. Rg7 cxd4 36. cxd4 Rh2+ 37. Ke3 Rxb2 38. Ra7 Rb3+ 39. Kd2 Bg6 40. Rxa5 Rb2+ 41. Ke3 Rb3+ 42. Kf2 Rb2+ 43. Kg3 Rg8 44. Kf4 Rf8+ 45. Ke3 Rb3+ 46. Kd2 Rb2+ 47. Ke3 1/2-1/2

[Event "Srbia-chT"]
[Site "?"]
[Date "2000.??.??"]
[Round "?"]
[White "Ostojic Nikola"]
[Black "Markovic Miroslav"]
[Result "1-0"]
[WhiteElo "2419"]
[BlackElo "2586"]
[PlyCount "50"]
[EventDate "2000.??.??"]
[Source "www.chesslib.no"]
[SourceDate "2004.05.04"]

1. d4 e6 2. Nf3 b6 3. e4 Bb7 4. Bd3 c5 5. c3 Nf6 6. Qe2 cxd4 7. cxd4 Nc6 8. a3 d5 9. e5 Ne4 10. Nbd2 Ng5 11. b4 Be7 12. h4 Nxf3+ 13. Nxf3 Qd7 14. Bf4 f5 15. Qe3 h6 16. h5 Rc8 17. Rg1 Nd8 18. g4 fxg4 19. Rxg4 Bf8 20. Qe2 Rc4 21. Be3 Qa4 22. Qd1 Qc6 23. Nh4 g5 24. hxg6 Bg7 25. Rf4 Bc8 1-0

[Event "Szekszard op"]
[Site "Szekszard"]
[Date "1994.??.??"]
[Round "6"]
[White "Groszpeter, Attila"]
[Black "Chernyshov, Konstantin"]
[Result "1-0"]
[WhiteElo "2520"]
[BlackElo "2485"]
[PlyCount "67"]
[EventDate "1994.??.??"]
[Source "ChessBase"]

1. e4 e6 2. d4 b6 3. Bd3 Bb7 4. Nf3 c5 5. c3 Nf6 6. e5 Ne4 7. O-O Be7 8. Qc2 Ng5 9. Nxg5 Bxg5 10. Bxg5 Qxg5 11. f4 Qe7 12. Na3 Ba6 13. Bxa6 Nxa6 14. Nb5 cxd4 15. Nd6+ Kf8 16. f5 f6 17. Qe4 Rd8 18. Qxd4 Kg8 19. exf6 gxf6 20. Rad1 Nc7 21. fxe6 Nxe6 22. Qg4+ Qg7 23. Qh5 Qg6 24. Qd5 h5 25. Ne4 Rf8 26. Rd3 h4 27. Rdf3 Rh5 28. Nxf6+ Rxf6 29. Rxf6 Rxd5 30. Rxg6+ Kh7 31. Rg4 Rd2 32. Rxh4+ Kg6 33. Rg4+ Kh5 34. h3 1-0

[Event "Bled Open"]
[Site "Bled SLO"]
[Date "1995.??.??"]
[Round "9"]
[White "Tukmakov, Vladimir B"]
[Black "Tratar, Marko"]
[Result "1/2-1/2"]
[WhiteElo "2585"]
[BlackElo "2420"]
[PlyCount "116"]
[EventDate "1995.03.??"]
[Source "www.chesslib.no"]
[SourceDate "2004.05.04"]

1. d4 e6 2. Nf3 b6 3. e4 Bb7 4. Bd3 c5 5. c3 Nf6 6. Qe2 Be7 7. O-O Nc6 8. a3 Na5 9. Bf4 Nb3 10. Ra2 Qc8 11. Nbd2 Nxd2 12. Nxd2 d5 13. e5 Nd7 14. Raa1 a5 15. Rac1 c4 16. Bb1 b5 17. Qg4 g6 18. Bg5 h5 19. Qf4 Bxg5 20. Qxg5 Qd8 21. Qe3 Qe7 22. f4 Nb6 23. Nf3 b4 24. axb4 axb4 25. Ng5 b3 26. Rf2 Bc8 27. g3 Bd7 28. h3 O-O-O 29. Rcf1 Rdg8 30. Rg2 Kc7 31. Rff2 Kc6 32. g4 hxg4 33. hxg4 Rh4 34. Nf3 Rh3 35. Rh2 Rgh8 36. Rxh3 Rxh3 37. Qd2 Qf8 38. Kg2 Rh8 39. Kg1 Na4 40. Rg2 Rh6 41. Rh2 Qh8 42. Rxh6 Qxh6 43. Kg2 Be8 44. Qc1 Kd7 45. Kg3 Ke7 46. Ng5 Bd7 47. Nh3 Be8 48. Qd2 Bd7 49. Qf2 Qg7 50. Qg2 Kf8 51. Ng5 Qh6 52. Nf3 Ke7 53. Ng5 Kf8 54. Nh3 Qg7 55. Qf2 Ke7 56. Kg2 Ke8 57. Kh2 Qh7 58. Kg3 Qg7 1/2-1/2

[Event "Martigny (Switzerland)"]
[Site "?"]
[Date "2005.08.01"]
[Round "6"]
[White "Meijers Viesturs"]
[Black "Antoniewski Rafal"]
[Result "1-0"]
[WhiteElo "2479"]
[BlackElo "2523"]
[PlyCount "41"]
[EventDate "2005.??.??"]
[Source "www.chesslib.no"]
[SourceDate "2004.05.04"]

1. e4 d5 2. exd5 Qxd5 3. d4 Nc6 4. Nf3 Bg4 5. Be2 O-O-O 6. c4 Qf5 7. Be3 Bxf3 8. Bxf3 Nxd4 9. Bxd4 Qe6+ 10. Be2 Qe4 11. O-O Qxd4 12. Qa4 Qxb2 13. Qxa7 e6 14. Bf3 Nf6 15. Nc3 Qxc3 16. Qxb7+ Kd7 17. Bc6+ Ke7 18. Qxc7+ Nd7 19. Rad1 g5 20. Bxd7 Bg7 21. Be8+ 1-0

[Event "Dresden Open"]
[Site "Dresden GER"]
[Date "1995.??.??"]
[Round "?"]
[White "Chuchelov, Vladimir"]
[Black "Kalinitschew, Sergey L"]
[Result "0-1"]
[WhiteElo "2530"]
[BlackElo "2465"]
[PlyCount "90"]
[EventDate "1995.07.??"]
[Source "www.chesslib.no"]
[SourceDate "2004.05.04"]

1. d4 e6 2. Nf3 b6 3. e4 Bb7 4. Nc3 Bb4 5. Bd3 c5 6. dxc5 Bxc3+ 7. bxc3 bxc5 8. e5 Qc7 9. O-O f5 10. Re1 Ne7 11. c4 Nbc6 12. a3 O-O 13. Bb2 Ng6 14. Qd2 Nd8 15. Qe3 Nf7 16. Bc3 Nh6 17. h3 Qc6 18. Rab1 Rac8 19. Rb5 Ba8 20. Bf1 a6 21. Rbb1 Nf7 22. Nd2 f4 23. Qe2 Qa4 24. Qd3 Qc6 25. Qe2 Qc7 26. Qh5 Qc6 27. Nf3 Qc7 28. Bd3 Qd8 29. a4 Rb8 30. Rbd1 Qe7 31. Nd2 Nh6 32. Ne4 Rf5 33. Nf6+ Qxf6 34. Bxf5 Qxf5 35. Qxf5 Nxf5 36. Rxd7 Ngh4 37. Red1 Bxg2 38. Rd8+ Rxd8 39. Rxd8+ Kf7 40. Rd7+ Kg8 41. f3 Ne3 42. Ra7 Nxf3+ 43. Kf2 Ng5 44. Be1 Kf8 45. Ke2 Nxc2 0-1

[Event "Bad Zwesten op 1st"]
[Site "Bad Zwesten"]
[Date "1997.??.??"]
[Round "5"]
[White "Schmittdiel, Eckhard"]
[Black "Bischoff, Klaus"]
[Result "1/2-1/2"]
[WhiteElo "2440"]
[BlackElo "2550"]
[PlyCount "123"]
[EventDate "1997.01.02"]
[Source "ChessBase"]

1. e4 e6 2. d4 b6 3. Nc3 Bb7 4. Nge2 Nf6 5. e5 Ng8 6. Bf4 d6 7. h4 dxe5 8. dxe5 Qxd1+ 9. Rxd1 a6 10. h5 Nd7 11. Rh3 O-O-O 12. Rhd3 Bb4 13. a3 Bxc3+ 14. Nxc3 Ne7 15. Bg5 f6 16. exf6 gxf6 17. Bf4 e5 18. Bc1 Nf5 19. Ne2 Nd6 20. b4 Rhg8 21. Rc3 Kb8 22. f3 f5 23. Re3 b5 24. Nc3 f4 25. Red3 Nf6 26. a4 Bc6 27. axb5 axb5 28. R3d2 Rd7 29. Bb2 Kc8 30. Nb1 Nxh5 31. Bxe5 Re7 32. Re2 Nc4 33. Bd4 Ne3 34. Bxe3 fxe3 35. Rd3 Rge8 36. Nc3 Nf4 37. Rd4 Rf8 38. Nd1 Nxe2 39. Kxe2 h5 40. Nxe3 h4 41. Kf2 h3 42. Ng4 hxg2 43. Bxg2 Rd7 44. Rxd7 Kxd7 45. Ne5+ Kd6 46. Nxc6 Kxc6 47. f4+ Kd6 48. Ke3 c5 49. bxc5+ Kxc5 50. c3 Re8+ 51. Kd3 Rd8+ 52. Ke3 Re8+ 53. Kd3 Re7 54. Bf3 Rh7 55. Be2 Rh3+ 56. Kd2 Rh6 57. Bd3 Ra6 58. Ke3 Ra3 59. Kd2 Ra2+ 60. Ke3 Rb2 61. Be2 Ra2 62. Bd3 1/2-1/2

[Event "FRA Team Ch"]
[Site "France"]
[Date "1991.??.??"]
[Round "?"]
[White "Dorfman, Josif D"]
[Black "Jadoul, Michel"]
[Result "1-0"]
[WhiteElo "2575"]
[BlackElo "2405"]
[PlyCount "71"]
[EventDate "1991.??.??"]
[Source "www.chesslib.no"]
[SourceDate "2004.05.04"]

1. d4 b6 2. e4 Bb7 3. Bd3 e6 4. Nf3 c5 5. c3 cxd4 6. cxd4 Bb4+ 7. Nbd2 Ne7 8. O-O O-O 9. a3 Bxd2 10. Bxd2 f5 11. Re1 fxe4 12. Bxe4 Bxe4 13. Rxe4 Nbc6 14. Bg5 Rf5 15. Rc1 Qf8 16. Bxe7 Nxe7 17. Ne5 Rxf2 18. Nxd7 Qf5 19. Re5 Qf4 20. g3 Qd2 21. Qxd2 Rxd2 22. Rxe6 Nf5 23. Rf1 Nxd4 24. Re7 Rd8 25. Ne5 Re2 26. Nc6 Rxe7 27. Nxe7+ Kh8 28. Kg2 g6 29. Rf7 a5 30. h4 b5 31. g4 a4 32. h5 gxh5 33. gxh5 Rd6 34. Kg3 Re6 35. Kf4 Re2 36. Kg5 1-0

[Event "ch-Euro Blitz"]
[Site "Ajaccio FRA"]
[Date "2007.10.25"]
[Round "22"]
[White "Landa, K."]
[Black "Paci, C."]
[Result "1-0"]
[WhiteElo "2678"]
[BlackElo "2301"]
[PlyCount "80"]
[EventDate "2007.10.25"]
[Source "www.chesslib.no"]
[SourceDate "2004.05.04"]

1. Nf3 Nc6 2. e4 Nd4 3. Nxd4 g6 4. c4 Bg7 5. Nc3 Nf6 6. Be2 O-O 7. O-O d6 8. f3 Nd7 9. Rb1 a5 10. b3 Nc5 11. a3 Bh6 12. b4 axb4 13. axb4 Na4 14. Bd3 Bxd2 15. f4 Be1 16. Rxe1 h5 17. Nb3 e5 18. fxe5 dxe5 19. c5 Kg7 20. Bc4 f6 21. Qxd8 Rxd8 22. Rf1 Rf8 23. Na5 c6 24. Bb3 Nb6 25. Rd1 Rd8 26. Be6 Kf8 27. Rd6 Nd7 28. Rxc6 Kg7 29. Bxd7 Rxd7 30. Re6 Rd4 31. Rxe5 Rxb4 32. Kf2 Rb3 33. Re8 Ra3 34. h4 Rb3 35. Ba3 Rxa3 36. Na2 Rxa2+ 37. Kf3 Rb2 38. Kf4 Ra6 39. g3 Rbb6 40. Rxb6 Rxb6 1-0

[Event "Agios Nikolaos Open"]
[Site "Agios Nikolaos GRE"]
[Date "1995.??.??"]
[Round "4"]
[White "Seitaj, Ilir"]
[Black "Rogers, Ian"]
[Result "1/2-1/2"]
[WhiteElo "2405"]
[BlackElo "2570"]
[PlyCount "71"]
[EventDate "1995.??.??"]
[Source "www.chesslib.no"]
[SourceDate "2004.05.04"]

1. e4 c5 2. c3 b6 3. d4 Bb7 4. Bd3 e6 5. Nf3 Nf6 6. e5 Nd5 7. O-O Be7 8. Nbd2 cxd4 9. cxd4 Ba6 10. Ne4 Bxd3 11. Qxd3 O-O 12. Bg5 f6 13. exf6 gxf6 14. Bh6 Rf7 15. Nc3 Nxc3 16. bxc3 Qc8 17. Rfe1 Na6 18. a4 Kh8 19. a5 bxa5 20. Rxa5 Nc7 21. Rea1 a6 22. c4 Bf8 23. Bf4 d6 24. Bg3 Ne8 25. c5 dxc5 26. dxc5 Bxc5 27. Qc2 Bf8 28. Qxc8 Rxc8 29. Rxa6 Ng7 30. Ra8 Rxa8 31. Rxa8 Nf5 32. Bf4 h5 33. h3 Kh7 34. g4 hxg4 35. hxg4 Ng7 36. Kg2 1/2-1/2

[Event "Staufer op 11th"]
[Site "Schwaebisch Gmuend"]
[Date "1999.??.??"]
[Round "7"]
[White "Arbakov, Valentin"]
[Black "Podzielny, Karl Heinz"]
[Result "1-0"]
[WhiteElo "2475"]
[BlackElo "2500"]
[PlyCount "81"]
[EventDate "1999.01.02"]
[Source "ChessBase"]
[SourceDate "1999.03.01"]

1. d4 e6 2. e4 b6 3. Nf3 Bb7 4. Bd3 c5 5. c3 Nf6 6. Nbd2 Nc6 7. a3 d6 8. O-O Be7 9. Qe2 cxd4 10. cxd4 O-O 11. Rd1 Nd7 12. b4 Bf6 13. Bb2 Re8 14. Nc4 Be7 15. e5 Nf8 16. Qe3 Ng6 17. g3 b5 18. Nxd6 Bxd6 19. exd6 Qxd6 20. Bxb5 a5 21. d5 exd5 22. Qc5 Qxc5 23. bxc5 Red8 24. Rab1 Nf8 25. Bxc6 Bxc6 26. Nd4 Ba4 27. Rdc1 Ra6 28. Nf5 Ng6 29. Bd4 f6 30. Rb6 Ra7 31. c6 Rc7 32. Rb7 Rdc8 33. Bb6 Rxc6 34. Rxc6 Rxc6 35. Rxg7+ Kh8 36. Ra7 h5 37. Bxa5 Ne5 38. Bd8 Bd1 39. f4 Ng4 40. h3 Rc1 41. Kg2 1-0

[Event "Open"]
[Site "Agios Nikolaos op"]
[Date "1995.??.??"]
[Round "4"]
[White "Seitaj, Ilir"]
[Black "Rogers, Ian"]
[Result "1/2-1/2"]
[WhiteElo "2405"]
[BlackElo "2570"]
[PlyCount "71"]
[EventDate "1995.??.??"]
[Source "www.chesslib.no"]
[SourceDate "2004.05.04"]

1. e4 c5 2. c3 b6 3. d4 Bb7 4. Bd3 e6 5. Nf3 Nf6 6. e5 Nd5 7. O-O Be7 8. Nbd2 cxd4 9. cxd4 Ba6 10. Ne4 Bxd3 11. Qxd3 O-O 12. Bg5 f6 13. exf6 gxf6 14. Bh6 Rf7 15. Nc3 Nxc3 16. bxc3 Qc8 17. Rfe1 Na6 18. a4 Kh8 19. a5 bxa5 20. Rxa5 Nc7 21. Rea1 a6 22. c4 Bf8 23. Bf4 d6 24. Bg3 Ne8 25. c5 dxc5 26. dxc5 Be7 27. Qc2 Bf8 28. Bh4 Qb7 29. Qg6 Qb4 30. Ng5 Rb8 31. Rb5 Qd4 32. Kf1 Qf4 33. Qc2 Qf3 34. c6 Qb3 35. c7 Qb2 36. Qd2 1/2-1/2

[Event "Zemun"]
[Site "?"]
[Date "1980.06.04"]
[Round "3"]
[White "Plachetka Jan"]
[Black "Forintos Gyozo V"]
[Result "1/2-1/2"]
[WhiteElo "2480"]
[BlackElo "2490"]
[PlyCount "76"]
[EventDate "1980.??.??"]
[Source "www.chesslib.no"]
[SourceDate "2004.05.04"]

1. d4 e6 2. e4 b6 3. Nf3 Bb7 4. Bd3 c5 5. c3 Nf6 6. Qe2 Be7 7. O-O Nc6 8. Nbd2 Qc7 9. a3 Nh5 10. g3 cxd4 11. cxd4 Nf6 12. b4 a6 13. Bb2 d5 14. Rac1 b5 15. e5 Nd7 16. Nb3 Nb6 17. Nc5 Nc4 18. Rfe1 Bc8 19. Rcd1 Qb6 20. Bxc4 bxc4 21. Bc3 O-O 22. h4 a5 23. Ng5 h6 24. Nh3 axb4 25. axb4 Rd8 26. Nf4 Ra3 27. Qb2 Ra7 28. Ra1 Qb5 29. Rxa7 Nxa7 30. Ra1 Nc6 31. Qa2 Bxc5 32. bxc5 Rd7 33. Rb1 Ra7 34. Qc2 Qa4 35. Qc1 Qa3 36. Qe3 Rb7 37. Ra1 Qb3 38. Kg2 Ra7 1/2-1/2